[Event "GER-ch U10"]
[Site "Willingen"]
[Date "2024.05.22"]
[Round "6"]
[White "Menke, Xaver Louis"]
[Black "Juengling, Leonard"]
[Result "0-1"]
[WhiteElo "1324"]
[BlackElo "1446"]
[PlyCount "136"]
[EventDate "2024.05.19"]
[EventType "swiss"]
[EventRounds "11"]
[EventCountry "GER"]
[SourceTitle "CBM 220 Extra"]
[Source "ChessBase"]
[SourceDate "2024.07.31"]
[SourceVersion "1"]
[SourceVersionDate "2024.07.31"]
[SourceQuality "1"]

1. e4 e5 2. Nf3 Nc6 3. Nc3 Nf6 4. d4 exd4 5. Nxd4 Bc5 6. Nxc6 dxc6 7. Qxd8+ Kxd8 8. Bc4 Ke7 9. Bg5 Be6 10. Bxe6 Kxe6 11. 0-0 Rad8 12. Rad1 b5 13. Rde1 h6 14. Bf4 Bb6 15. e5 Nh5 16. Be3 Bxe3 17. Rxe3 Rd2 18. Rc1 Rhd8 19. g3 b4 20. Ne4 Rd1+ 21. Re1 Rxc1 22. Rxc1 Kxe5 23. Re1 Nf6 24. Ng5+ Kf5 25. Nf3 Rd5 26. Kg2 g5 27. Ng1 Rd2 28. Nf3 Rd5 29. Re2 a5 30. Nd2 Rc5 31. Nb3 Rd5 32. f3 a4 33. g4+ Kg6 34. Nd2 h5 35. gxh5+ Nxh5 36. Rf2 Re5 37. Kf1 f5 38. Nc4 Rc5 39. Ne3 Nf4 40. Rd2 Nd5 41. Nxd5 Rxd5 42. Re2 Rd1+ 43. Re1 Rxe1+ 44. Kxe1 Kf6 45. Ke2 Ke5 46. Ke3 c5 47. f4+ gxf4+ 48. Kf3 c4 49. h4 b3 50. cxb3 cxb3 51. a3 c5 52. h5 c4 53. h6 Kf6 54. h7 Kg7 55. h8Q+ Kxh8 56. Ke2 c3 57. bxc3 b2 58. c4 Kg8 59. c5 Kf8 60. c6 Ke8 61. Kd2 b1Q 62. c7 Kd7 63. c8Q+ Kxc8 64. Ke2 Qe4+ 65. Kf2 Kd7 66. Kg1 Qe2 67. Kh1 f3 68. Kg1 Qg2# 0-1

[Event "GER-ch U10"]
[Site "Willingen"]
[Date "2024.05.19"]
[Round "1"]
[White "Juengling, Leonard"]
[Black "Liu, Jonas1"]
[Result "1-0"]
[WhiteElo "1446"]
[BlackElo "1630"]
[PlyCount "109"]
[EventDate "2024.05.19"]
[EventType "swiss"]
[EventRounds "11"]
[EventCountry "GER"]
[SourceTitle "CBM 220 Extra"]
[Source "ChessBase"]
[SourceDate "2024.07.31"]
[SourceVersion "1"]
[SourceVersionDate "2024.07.31"]
[SourceQuality "1"]

1. f4 d5 2. Nf3 Nf6 3. b3 g6 4. Bb2 Bg7 5. e3 0-0 6. Be2 c5 7. 0-0 Nc6 8. d3 Re8 9. Nbd2 Ng4 10. Qc1 Nxe3 11. Re1 Bh6 12. g3 b5 13. Nf1 Nxf1 14. Rxf1 d4 15. c3 e5 16. cxd4 Nxd4 17. Nxd4 exd4 18. Bf3 Bh3 19. Rd1 Rc8 20. Rd2 g5 21. Rc2 Qe7 22. Qd2 Qe3+ 23. Qxe3 Rxe3 24. Kf2 gxf4 25. Bc1 Ree8 26. Bxf4 Bxf4 27. gxf4 Re3 28. Rac1 Rxd3 29. Rxc5 Rxc5 30. Rxc5 Rd2+ 31. Kg3 Bf1 32. Rd5 d3 33. Be4 Rxa2 34. Bxd3 Rd2 35. Bxh7+ Kxh7 36. Rxd2 Kg6 37. Kg4 a5 38. h4 a4 39. bxa4 bxa4 40. Ra2 Bb5 41. h5+ Kh6 42. f5 f6 43. Rb2 Be8 44. Rb6 Bxh5+ 45. Kh4 Bf7 46. Rxf6+ Kg7 47. Kg5 a3 48. Ra6 a2 49. f6+ Kh7 50. Ra7 Kg8 51. Kh6 Bc4 52. Ra8+ Kf7 53. Kg5 Bd5 54. Ra7+ Kg8 55. Kg6 1-0